Polskie rzeki - prawda czy fałsz ? - Statystyki

Ogólne statystyki
  • Ten quiz został rozwiązany 2 123 razy
    2 122 od ostatniego zresetowania
  • Średni wynik to 10 z 15
Statystyki odpowiedzi
Zagadnienie Odpowiedź % Poprawnych
Wisła płynie przez Toruń Prawda
86%
Bóbr jest największą rzeką w Wrocławiu Fałsz
83%
Warta jest dopływem Odry Prawda
82%
Warta jest największą rzeką która nie ma źródła w górach Prawda
81%
Odra zaczyna płynąc w Polsce Fałsz
77%
Bug przepływa przez Białystok Fałsz
76%
99,7 procent wody z Polskich rzek spływa do Bałtyku Prawda
74%
Najdłuższą rzeką w Olsztynie jest Łyna Prawda
71%
Odra ma ponad 1000 kilometrów Fałsz
66%
Najszerszą rzeką w Polsce jest San Fałsz
66%
Wisłok to największa rzeka w Rzeszowie Prawda
62%
Klonownica jest najkrótszą rzeką w Polsce Prawda
58%
Wisła płynie przez 3 najbardziej zaludnione miasta w Polsce Fałsz
55%
Narew w całości znajduje się w Polsce Fałsz
47%
Bzura to jedna z 10 najdłuższych rzek w Polsce Fałsz
44%
Nie znaleziono quizów pasujących do podanych kryteriów
Rozkład punktacji
Procent ludzi z każdym wynikiem
Percentyl według liczby udzielonych odpowiedzi
Twoja historia wyników
Nie rozwiązałeś tego quizu od ostatniego zresetowania